00350 2200145 4500001002100000005001500021035002000036245004900056100002200105300001200127260003100139082000800170084001400178990001200192INLIS00000000000191820250521013545 a0010-05250002101 aMelati Di Musim Kemarau /cMaria A. Sardjono0 aMaria A. Sardjono a295 hlm aJakarta :bGramedia,c2002 a813 a813 MAR m a0713437